[Event "28th WSCC Women 50 2018"]
[Site "Bled"]
[Date "2018.11.22"]
[Round "5"]
[White "Burchardt, Brigitte"]
[Black "Baliuniene, Margarita"]
[Result "1-0"]
[WhiteElo "2200"]
[BlackElo "1927"]
[Annotator "TA"]
[PlyCount "131"]
[EventDate "2018.11.17"]
[EventType "swiss"]
[EventCountry "SLO"]
[SourceTitle "playchess.com"]
[Source "ChessBase"]
[SourceQuality "1"]

{[%evp 12,131,14,8,22,14,26,35,19,17,32,30,103,111,164,157,166,52,53,41,42,19,20,16,119,131,175,123,123,56,65,0,0,0,0,0,0,-9,20,21,31,11,79,76,82,81,231,90,88,89,305,0,325,306,519,260,1646,510,29986,1494,29987,29988,29988,29983,29988,607,29990,29991,29991,0,1564,1547,1368,1154,1677,1677,1603,1593,1369,1261,5389,617,543,553,452,25,25,25,651,869,755,699,375,25,25,25,25,25,249,25,25,25,25,25,25,8,1666,1666,1666,1659,1656,1656,1650,1641,1654,1591,1504,1501,4133,1597,1539,1346]} 1. e4 c5 2. Nc3 Nc6 3. g3 g6 4. Bg2 Bg7 5. d3 d6 6. Be3 Nf6 7. h3 Be6 {B26: Closed Sicilian: 3 g3, lines with early Be3} (7... O-O 8. Nf3 Bd7 9. O-O Rb8 10. Nh4 b5 11. f4 b4 12. Ne2 Ne8 13. c3 Qa5 14. d4 bxc3 15. bxc3 cxd4 16. cxd4 Rb2 17. a3 {0-1 (40) Mista,A (2589)-Duda,J (2724) Zgierz 2018}) 8. Nd5 Rc8 $146 ({Predecessor:} 8... O-O 9. c3 Qc8 10. Ne2 Bd7 11. Qd2 b5 12. Rc1 e5 13. Nxf6+ Bxf6 14. f4 Be7 15. d4 {½-½ (55) Pheby,I (2169)-Fritsche,F (2359) ICCF email 2009}) 9. c3 b5 {White is slightly better.} 10. Ne2 O-O 11. O-O Nd7 (11... Bd7 $11) 12. Ndf4 $16 Nb6 (12... Qa5 $16) 13. Nxe6 $18 fxe6 14. b3 (14. Nf4 $18) 14... e5 15. a4 b4 16. d4 exd4 17. cxd4 c4 (17... cxd4 $11 {keeps the balance.} 18. Bxd4 Nd7) 18. a5 $16 Nd7 19. bxc4 ({Better is} 19. Nf4 $18) 19... Nxa5 20. h4 (20. Nf4 $16 {Ne6 is the strong threat.} Nxc4 21. Rxa7) 20... Nxc4 $14 21. Rxa7 ({White should play} 21. Bg5 $14) 21... Nxe3 $11 22. fxe3 Rxf1+ 23. Bxf1 Nf6 24. Bg2 Rc7 25. Qb3+ Kh8 $1 26. Ra4 Bh6 (26... h5 $11 {remains equal.}) 27. Bf3 $16 Qd7 28. Rxb4 Kg7 (28... e5 $16 {is a better defense.}) 29. Rb8 (29. e5 $18 dxe5 30. dxe5) 29... Qh3 30. Kf2 $1 $36 {[%mdl 2048] Keeping Black busy.} d5 $2 (30... e5 $16 {was worth a try.}) 31. exd5 $2 (31. e5 $1 $18 {[%cal Re5f6]} Ng4+ 32. Bxg4 Qxg4 33. Qxd5) 31... Qf5 $2 {[%mdl 8192]} (31... Ra7 $11 {and Black is okay.} 32. Bg2 Ng4+ {[%mdl 64] Double Attack} 33. Kf3 Nh2+ 34. Kf2 Ng4+ 35. Kf3 Nh2+ 36. Kf2 Ng4+) 32. Kg2 $18 {Black must now prevent e4!} Ng4 $2 (32... Qc2 {was called for.} 33. g4 g5) 33. d6 exd6 $2 (33... Rc8 34. Rxc8 (34. dxe7 Nxe3+ 35. Kf2 Qh3 $18) 34... Qxc8 35. dxe7 Nxe3+ 36. Kf2 Qd7) 34. e4 (34. Qg8+ $142 Kf6 35. Qh8+ Rg7 36. e4 Ne3+ 37. Kg1) 34... Qd7 (34... Qf7 $18 35. Bxg4 Qxb3 36. Rxb3 Re7) 35. Qg8+ Kf6 36. Bxg4 Qxg4 37. Qd8+ {[%mdl 64] Double Attack} Re7 38. Qxd6+ (38. Nc3 $142 Qe6 39. Nd5+ Qxd5 40. exd5 Kf7 41. g4 Re2+ 42. Kf3 Re3+ 43. Kf2 Re7 44. g5 Re2+ 45. Kxe2 Bg7 46. Qe8#) 38... Re6 39. Qd8+ Re7 40. Qd6+ (40. Nc3 $142 Qh5 41. Rb7 Qc5 42. dxc5 Bf8 43. Qxf8+ Ke5 44. Qd8 Rd7 45. Qxd7 h6 46. Qd6#) 40... Re6 $1 41. e5+ $1 Kf5 {[#]} 42. Rf8+ $1 Bxf8 43. Qxf8+ {[%mdl 4096] Endgame KQR-KQN} Ke4 44. Qa8+ $1 Ke3 45. Nf4 h5 46. Nxe6 (46. Qa3+ $142 Kxd4 47. Qb4+ (47. Qb2+ Ke4 $16) 47... Ke3 48. Qe1+ Kd4 49. Qa5) 46... Qxe6 {KQ-KQ} 47. Qa3+ $1 Ke4 48. Qd6 $2 (48. Qb2 $18) 48... Qa2+ $1 $11 49. Kh3 {Hoping for e6.} Qe2 $2 {[%mdl 8192]} (49... Qa1 $11 50. Qxg6+ Kxd4 51. Qd6+ (51. Qxh5 Qf1+ 52. Kg4 Qe2+ 53. Kg5 Qxe5+ {[%mdl 64] Double Attack} 54. Kg4 Qe2+ 55. Kg5 Qe5+ {[%mdl 64] Double Attack} 56. Kh6 Qh8+ 57. Kg6 Qe8+ 58. Kh6 Qh8+ 59. Kg6 Qe8+ 60. Kh6 Qh8+ $11) 51... Ke4 52. Qc6+ (52. Qg6+ Kd4 $16) 52... Kxe5 53. Qe8+ Kd6 54. Qb8+ (54. Qxh5 Qf1+ 55. Kh2 Qf2+ 56. Kh3 Qf1+ 57. Kh2 Qf2+ 58. Kh3 Qf1+ $11) 54... Ke6 55. Qb3+ Kd6 56. Qb6+ Kd7 57. Qb5+ Ke6 58. Qc4+ (58. Qxh5 Qh1+ 59. Kg4 Qd1+ 60. Kg5 Qd8+ 61. Kh6 Qh8+ 62. Kg6 Qg8+ 63. Kh6 Qh8+ 64. Kg6 Qg8+ 65. Kh6 Qh8+ $11) 58... Kf6 59. Qf4+ Ke6 60. Qe4+ Kd6) 50. Qxg6+ $18 Kxd4 51. Qd6+ Ke4 52. Qb4+ $2 (52. Qc6+ $18 Kd4 53. e6) 52... Kd5 $11 53. Qb7+ Kd4 54. Qd7+ Ke4 $2 {[#]} (54... Kc5 $11) 55. Qh7+ $2 (55. Qc6+ $1 $18 Ke3 56. e6) 55... Kd4 56. Qf5 {And now e6 would win.} Kd5 57. Qf7+ Kd4 58. e6 {Threatens to win with e7.} Qg4+ $2 {[%mdl 8192]} (58... Kc5 $11) 59. Kg2 $18 {White threatens Qf4+ and mate.White is clearly winning.} Qe4+ {[#]} 60. Qf3 $1 {[%cal Rf3e4]} Qxe6 61. Qxh5 Qa2+ 62. Kh3 Qb1 63. Qg4+ Kc5 64. Qf3 Kb6 65. h5 Qc1 66. g4 {Accuracy: White = 49%, Black = 32%.} 1-0

[Event "28th WSCC Women 50 2018"]
[Site "Bled"]
[Date "2018.11.22"]
[Round "5"]
[White "Aseeva, Marina"]
[Black "Makropoulou, Marina"]
[Result "1-0"]
[WhiteElo "2173"]
[BlackElo "2110"]
[Annotator "TA"]
[PlyCount "117"]
[EventDate "2018.11.17"]
[EventType "swiss"]
[EventCountry "SLO"]
[SourceTitle "playchess.com"]
[Source "ChessBase"]
[SourceQuality "1"]

{[%evp 12,117,20,5,9,14,0,7,3,5,6,-31,-30,-25,-26,-16,23,0,25,-29,-33,-58,-52,-113,-134,-112,-62,-66,0,0,0,-56,6,6,11,12,35,38,32,33,129,125,121,116,148,141,142,129,113,98,131,106,171,171,216,147,179,52,90,85,166,158,164,125,667,664,618,440,440,433,494,485,302,473,469,475,464,424,386,412,530,506,701,694,665,302,300,302,858,613,1415,1303,1402,1359,1231,172,172,168,181,181,179,179,29971,29980,29980,29981,29971,12827]} 1. e4 c5 2. Nf3 e6 3. d4 cxd4 4. Nxd4 Nc6 5. Nc3 a6 6. Be3 Nf6 7. Nxc6 bxc6 {B46: Sicilian: Taimanov: 5 Nc3 a6} 8. e5 Nd5 9. Nxd5 cxd5 {The position is equal.} 10. f4 (10. Qd4 Bb7 11. Bd3 Rc8 12. O-O Qc7 13. c3 Bc5 14. Qxc5 Qxc5 15. Bxc5 Rxc5 {½-½ (32) Yu,Y (2759)-Svidler,P (2753) Shenzhen 2018}) 10... d6 11. g3 $146 ({Predecessor:} 11. Bd3 g6 12. O-O Bg7 13. Qf3 O-O 14. Qg3 a5 15. Bd4 {0-1 (94) Roemhild,M (2189)-Romanishin,O (2562) Bad Wiessee 2002}) 11... dxe5 12. fxe5 Rb8 13. Bd4 h5 14. Bd3 h4 {White must now prevent ...hxg3.} 15. Qf3 (15. Rf1 $142) 15... Qa5+ $11 16. Ke2 Bc5 17. Qg4 ({Better is} 17. Bxc5 $15 Qxc5 18. b3) 17... Bxd4 $17 18. Qxd4 Qb4 (18... Rb4 {seems wilder.} 19. Qf2 Rxb2 20. Rhf1 Qc7 21. Qd4 Rb8) 19. Qf4 Qxf4 ({Black should play} 19... Qxb2 $15 20. Rhb1 Qxb1 21. Rxb1 Rxb1) 20. gxf4 $11 Rxb2 21. Rhg1 (21. Rhb1 $11 Rxb1 22. Rxb1) 21... g6 (21... Rb4 $1 $15) 22. Rgb1 Rxb1 23. Rxb1 {[%mdl 4096] Endgame KRB-KRB} Kd8 24. a4 {[%mdl 1024] White has compensation.} Kc7 25. a5 Rg8 (25... f6 $14) 26. Kf3 $1 $16 Rf8 27. Kg4 f6 28. exf6 Rxf6 {White should prevent ...e5+.} 29. Kg5 Rf8 30. Bxg6 Kd6 31. Rb6+ Kc5 (31... Ke7 $16 {was worth a try.}) 32. Rb8 $18 ({Stronger than} 32. Kxh4 Rxf4+ 33. Kg5 e5 $11) 32... Kd4 33. Rb3 Bd7 34. Rd3+ (34. Rb7 $1 $18 {[%cal Rb7d7]} Bc8 35. Rb8) 34... Kc4 35. Rh3 Kb4 (35... d4 $16 {might work better.}) 36. Rxh4 Kxa5 37. Rh7 Bc8 $2 {[%mdl 8192]} (37... Be8 $16) 38. h4 Kb6 {intending ...a5.} 39. h5 a5 {Black wants to play ...a4.} 40. Rf7 Rh8 41. c3 a4 42. h6 a3 43. Bb1 Ba6 44. Re7 Bc4 45. Rxe6+ Kc5 46. Re1 a2 {[#]} 47. Bg6 $1 Bb3 48. h7 Kc4 {[#]} 49. Rc1 $1 Ba4 $2 (49... Rb8 50. Kh6 Rc8) 50. Kh6 Kb3 51. Kg7 Kb2 52. Re1 ({Not} 52. Kxh8 Kxc1 53. Kg8 a1=Q $18) 52... Rd8 53. h8=Q $2 (53. f5 Bc2 54. f6 Bxg6 55. Kxg6) 53... Rxh8 54. Kxh8 a1=Q 55. Rxa1 Kxa1 {KB-KB} 56. Kg7 Kb2 $2 (56... Bd7 $18) 57. f5 {[%cal Bf4f5,Bf5f6][%mdl 32] White mates.} Bd7 58. f6 Be6 {[#]} 59. Bf5 $1 {[%mdl 512] Accuracy: White = 59%, Black = 31%.} 1-0

[Event "28th WSCC Women 50 2018"]
[Site "Bled"]
[Date "2018.11.22"]
[Round "5"]
[White "Krasenkova, Ilena"]
[Black "Berend, Elvira"]
[Result "1/2-1/2"]
[WhiteElo "2144"]
[BlackElo "2332"]
[Annotator "TA"]
[PlyCount "56"]
[EventDate "2018.11.17"]
[EventType "swiss"]
[EventCountry "SLO"]
[SourceTitle "playchess.com"]
[Source "ChessBase"]
[SourceQuality "1"]

{[%evp 9,56,32,44,-4,6,-10,20,35,37,-6,-6,-8,0,0,0,-7,-6,-7,-6,-9,-6,-8,-6,0,0,0,-7,-12,0,0,0,0,8,-8,2,0,11,0,5,0,0,0,0,0,0,-8,0,0,0]} 1. d4 Nf6 2. c4 e6 3. Nf3 Bb4+ 4. Bd2 c5 5. e3 O-O 6. Qc2 {E11: Bogo-Indian} (6. Be2 a5 7. Nc3 b6 8. a3 Bxc3 9. Bxc3 a4 10. O-O Bb7 11. Qd3 Be4 12. Qd2 Bf5 13. Bd3 Bg4 {½-½ (59) Kraemer,M (2574)-Rapport,R (2649) Germany 2016}) 6... Bxd2+ 7. Nbxd2 d6 $146 ({Predecessor:} 7... b6 8. Bd3 Nc6 9. a3 cxd4 10. exd4 Bb7 11. O-O d5 12. cxd5 Qxd5 13. Rad1 Nxd4 {0-1 (41) Sarivan,M-Itkis,B (2473) Kishinev 2005}) 8. dxc5 dxc5 9. Rd1 Nc6 {The position is equal.} 10. a3 Qc7 11. Bd3 h6 12. O-O b6 13. Ne4 Nxe4 14. Bxe4 Bb7 15. Qc3 Rad8 16. h3 Nd4 17. exd4 {[#] aiming for Bxb7.} Bxe4 18. dxc5 Qxc5 19. Ne5 Qc7 20. Rfe1 {Rxd8 is the strong threat.} Ba8 21. a4 Rfe8 22. b3 Qc5 23. Qg3 Qe7 24. Ng4 Kf8 25. Ne5 Kg8 26. Ng4 Kf8 27. Ne5 Kg8 28. Ng4 Kf8 {Accuracy: White = 59%, Black = 51%.} 1/2-1/2

[Event "28th WSCC Women 50 2018"]
[Site "Bled"]
[Date "2018.11.23"]
[Round "6"]
[White "Berend, Elvira"]
[Black "Grabuzova, Tatiana"]
[Result "1/2-1/2"]
[WhiteElo "2332"]
[BlackElo "2326"]
[Annotator "TA"]
[PlyCount "42"]
[EventDate "2018.11.17"]
[EventType "swiss"]
[EventCountry "SLO"]
[SourceTitle "playchess.com"]
[Source "ChessBase"]
[SourceQuality "1"]

{[%evp 21,42,28,22,-14,15,14,9,16,9,16,8,13,20,0,0,0,0,-11,0,0,0,0,0]} 1. e4 e6 2. d4 d5 3. Nc3 Nf6 4. e5 Nfd7 5. f4 c5 6. Nf3 Nc6 7. Be3 Be7 8. Qd2 O-O 9. dxc5 Nxc5 {C11: French: Classical System: 4 e5 and 4 Bg5 dxe4} 10. O-O-O b6 11. h4 Bb7 {LiveBook: 4 Games. White has an edge.} 12. Ng5 $146 {The position is equal.} ({Predecessor:} 12. Qe1 Qc8 13. Bxc5 bxc5 14. f5 Qb8 15. fxe6 fxe6 16. Ng5 Bxg5+ 17. hxg5 Qxe5 {0-1 (46) Gaponenko,I (2437)-Short,N (2698) Douglas 2017}) 12... d4 (12... a6 {seems wilder.} 13. Be2 Rc8 14. Bxc5 bxc5 15. Qd3 g6) 13. Bxd4 Qxd4 14. Qxd4 Nxd4 15. Rxd4 Rad8 16. Rxd8 Rxd8 17. Nf3 Ne4 18. Nxe4 Bxe4 19. Bd3 Bxd3 20. cxd3 Rxd3 21. Kc2 Rd5 1/2-1/2

[Event "28th WSCC Women 50 2018"]
[Site "Bled"]
[Date "2018.11.23"]
[Round "6"]
[White "Strutinskaia, Galina"]
[Black "Burchardt, Brigitte"]
[Result "1-0"]
[WhiteElo "2201"]
[BlackElo "2200"]
[Annotator "TA"]
[PlyCount "119"]
[EventDate "2018.11.17"]
[EventType "swiss"]
[EventCountry "SLO"]
[SourceTitle "playchess.com"]
[Source "ChessBase"]
[SourceQuality "1"]

{[%evp 18,119,39,22,31,22,42,48,45,50,45,56,87,23,58,-7,48,37,54,25,46,74,80,45,66,59,69,66,69,70,79,78,90,79,98,79,81,87,99,83,108,91,117,66,103,55,68,66,71,77,68,37,111,79,155,111,96,89,89,60,59,63,101,97,98,110,102,59,102,94,101,86,162,152,467,105,174,122,172,185,197,185,762,757,745,746,708,695,777,775,897,879,845,765,1137,1114,5139,4958,29990,29989,29992,29989,29989,29990]} 1. d4 d5 2. c4 e6 3. Nf3 c6 4. Qc2 Nf6 5. Bg5 Nbd7 6. e3 Be7 7. Nc3 O-O 8. a3 Re8 9. Bd3 h6 {D61: Queen's Gambit Declined: Classical: 7 Qc2} 10. Bh4 {LiveBook: 3 Games} a6 11. O-O (11. cxd5 exd5 12. Bg3 c5 13. dxc5 Nxc5 14. O-O Bg4 15. Nd4 Rc8 16. h3 Bd7 17. Bh4 {½-½ (30) Cyborowski,L (2518)-Czarnota,P (2537) Poland 2016}) 11... dxc4 {The position is equal.} 12. Bxc4 Nd5 13. Bg3 $146 ({Predecessor:} 13. Bxe7 Qxe7 {0-1 (38) Jina,L (2001)-Vasicek,M (2137) Tabor 2005}) 13... Nxc3 14. bxc3 b5 15. Ba2 (15. Be2 $16) 15... c5 16. Rfd1 (16. d5 $14 e5 17. Nxe5 Nxe5 18. Bxe5) 16... Qb6 (16... Bb7 $11) 17. Bb1 {[#] White threatens Qh7+ and mate.} Nf8 18. Ne5 {Black must now prevent Qe2.} Bf6 19. Qe4 Ra7 20. a4 Bb7 21. Qd3 c4 22. Qe2 Bxe5 23. Bxe5 f6 24. Bg3 Bc6 25. Bc2 Rd7 26. Rdb1 Qb7 27. e4 Rf7 28. f3 Qd7 29. Rb2 Rc8 30. Rba2 (30. Qe1 $16) 30... Qd8 31. Bf4 Ng6 32. Be3 $1 f5 33. axb5 axb5 34. Ra7 Rcc7 (34... Rxa7 $14 35. Rxa7 fxe4) 35. R7a6 Qe8 ({Better is} 35... Ne7) 36. Qd2 {[#] Threatens to win with exf5.} Ne7 37. Bf4 Rc8 38. Bd6 fxe4 39. fxe4 Qd8 40. Bg3 Ra8 41. Rxa8 Bxa8 42. Bh4 Qb8 43. Qe2 {Hoping for Qg4.} Ng6 44. Bg3 Qd8 (44... Qe8 $16 {was worth a try.}) 45. Qh5 $18 Qe8 $2 (45... Nf4 $16 46. Bxf4 (46. Qxb5 Ne2+ 47. Kh1 Qf8 $17) 46... Rxf4) 46. h3 $2 (46. Qxg6 $18 {is the precise move to win.} Rf1+ 47. Kxf1 Qxg6 48. Rxa8+ Kf7 49. Bd6) 46... Nf8 (46... Bc6 $16) 47. Kh2 (47. Qc5 $18) 47... Qc6 48. Ra5 Rf5 49. Qd1 $36 {[%mdl 2048] White is on the roll.} Bb7 $2 (49... Rg5) 50. d5 $1 {[%cal Rd5c6]} exd5 51. exf5 d4 52. Qf1 d3 53. Bd1 Qb6 54. Ra1 {[%cal Ba5a1,Ba1b1,Bb1b5][%mdl 32]} Qf6 55. Rb1 Qxc3 56. Rxb5 Ba6 57. Be5 Qd2 58. Rb8 {White mates.} c3 59. Bf4 Qa2 60. Bb3+ {Precision: White = 38%, Black = 34%.} 1-0

[Event "28th WSCC Women 50 2018"]
[Site "Bled"]
[Date "2018.11.23"]
[Round "6"]
[White "Sirotkina, Nina"]
[Black "Schulz, Petra"]
[Result "1-0"]
[WhiteElo "2188"]
[BlackElo "2075"]
[Annotator "TA"]
[PlyCount "73"]
[EventDate "2018.11.17"]
[EventType "swiss"]
[EventCountry "SLO"]
[SourceTitle "playchess.com"]
[Source "ChessBase"]
[SourceQuality "1"]

{[%evp 9,73,-24,-25,-27,14,19,27,28,33,37,71,47,57,37,58,44,49,52,35,32,68,73,87,63,58,34,53,34,72,35,83,81,80,86,84,70,133,122,150,135,268,254,402,402,377,385,383,352,437,434,447,425,407,333,457,456,502,514,880,868,818,698,771,725,1106,963]} 1. d4 Nf6 2. Bf4 c5 3. dxc5 Na6 (3... Nc6 4. Nc3 e5 5. Bg5 Bxc5 6. e3 Bb4 7. Nge2 d5 8. a3 Bxc3+ 9. Nxc3 Be6 10. Bb5 d4 11. Bxf6 Qxf6 {½-½ (42) Aronian,L (2799)-Kasparov,G (2812) Saint Louis 2017}) 4. c4 Nxc5 5. Nc3 d6 $146 ({Predecessor:} 5... g6 6. Nf3 Bg7 7. g3 Nfe4 8. Nxe4 Nxe4 9. Nd2 Nxd2 10. Qxd2 Qb6 11. Rb1 {½-½ (42) Marcus,J (2300)-Lputian,S (2590) Las Vegas 1994}) 6. f3 {A45: Trompowsky Attack} g6 7. e4 Qb6 8. Qd2 {White has an edge.} Bg7 9. Be3 Qa5 {With the idea ...Nb3!} 10. Rc1 a6 11. b3 h5 12. Nge2 {[%cal Bg1e2,Be2c3,Bc3a4][%mdl 32]} Ne6 13. Nd5 Qxd2+ 14. Kxd2 Nxd5 15. cxd5 Nf8 16. Nc3 Nd7 17. Be2 O-O 18. Rc2 Kh7 19. Na4 Bh6 20. Rc7 Bxe3+ 21. Kxe3 Kg7 22. Rhc1 $36 {[%mdl 2048] White has the initiative.} Kf6 ({Better is} 22... b5 $14) 23. f4 $16 {[%cal Bf3f4,Bf4e5][%mdl 32]} Rb8 24. Kd4 e5+ (24... Re8 $16 25. Nb2 Nb6) 25. dxe6 $18 fxe6 (25... Kxe6 $142 26. g4 hxg4 27. Bxg4+ f5) 26. e5+ dxe5+ 27. fxe5+ Kg5 28. Nc3 b5 29. Ne4+ Kh6 30. Nd6 Nb6 31. R1c6 Rf4+ 32. Kd3 {White is clearly winning.} Nd7 33. Ke3 Nxe5 (33... Rf8 $142 34. Nxc8 Nxe5 35. Rxe6 Rfxc8) 34. Kxf4 Nxc6 35. Rxc6 Bd7 36. Rc7 Rf8+ 37. Ke3 {Accuracy: White = 63%, Black = 26%.} 1-0

[Event "28th WSCC Women 50 2018"]
[Site "Bled"]
[Date "2018.11.23"]
[Round "6"]
[White "Mednikova, Svetlana"]
[Black "Krasenkova, Ilena"]
[Result "0-1"]
[WhiteElo "2099"]
[BlackElo "2144"]
[Annotator "TA"]
[PlyCount "164"]
[EventDate "2018.11.17"]
[EventType "swiss"]
[EventCountry "SLO"]
[SourceTitle "playchess.com"]
[Source "ChessBase"]
[SourceQuality "1"]

{[%evp 22,164,48,49,167,164,185,181,172,180,213,185,206,172,179,124,169,77,79,98,97,71,91,90,100,68,72,51,59,68,97,83,100,100,169,183,274,149,216,205,217,136,172,0,204,170,176,95,93,101,90,91,95,0,19,26,30,0,0,0,4,0,0,0,0,0,0,0,0,0,3,0,0,0,0,0,0,0,0,0,0,0,0,0,0,0,0,0,0,0,0,0,0,0,0,0,0,0,0,0,0,0,0,0,0,0,0,0,0,0,0,-8,-8,-8,-8,-8,-8,-8,-8,-8,-8,-8,-8,-8,-8,-8,-8,-29975,-29975,-29977,-29978,-29978,-29979,-29979,-29979,-29979,-29980,-29980,-29981,-29981,-29981,-29987,-29988,-29998,-29996]} 1. e4 Nf6 2. e5 Nd5 3. d4 d6 4. Nf3 g6 5. Be2 Bg7 6. O-O O-O 7. c4 Nb6 8. h3 Nc6 9. exd6 cxd6 10. Nc3 Bf5 11. Be3 Rc8 12. Rc1 h6 {B04: Alekhine's Defence: 4 Nf3} ({Black should try} 12... d5 $14) 13. d5 $146 {[%cal Rd5c6]} ({Predecessor:} 13. a3 g5 14. b4 e5 15. d5 Ne7 16. c5 e4 17. Nd4 dxc5 18. bxc5 Bxd4 19. Qxd4 Nbxd5 20. Nxe4 Nc6 21. Qxd5 Qxd5 22. Nf6+ {1-0 (22) Montenegro,P (2090)-Abreu Jean,C Medellin 2009}) 13... Nb8 14. b3 Na6 {White is clearly better.} 15. Bd4 Re8 16. Bxg7 Kxg7 17. Qd4+ Kh7 18. Qh4 (18. Qf4 $18) 18... e5 {[#]} 19. dxe6 (19. g4 $1 $18 {[%cal Rg4f5] and White stays clearly on top.} e4 20. Qxd8 (20. gxf5 exf3 21. Qxd8 Rcxd8 $16) 20... Rcxd8 21. Nd2 (21. gxf5 exf3 22. fxg6+ fxg6 $16)) 19... Qxh4 $16 20. Nxh4 Bxe6 21. Bf3 Nc5 22. g4 a5 23. Ng2 a4 {[#]} 24. Rb1 $1 axb3 25. axb3 Rcd8 26. Ne3 Kg7 27. Rfd1 Bc8 (27... Rd7 $16) 28. Nb5 $18 Re6 (28... d5 $142 29. cxd5 Bd7) 29. Kg2 (29. b4 $18 Ne4 30. Bxe4 Rxe4 31. Rxd6 (31. Nxd6 Rxd6 {[%mdl 64] Remove Defender} 32. Rxd6 Nxc4 $18) 31... Rxd6 32. Nxd6) 29... Rd7 (29... Rf6 $16 30. h4 Nbd7) 30. Rd2 Kf8 31. Nd4 Re8 32. Nb5 Re6 $1 33. Nc3 Re5 34. Ned5 (34. Kg3 $18) 34... Nxd5 $16 35. Nxd5 Rd8 36. Nb6 Be6 37. Nd5 (37. Rd4 $16) 37... Bxd5 38. Bxd5 Rb8 39. Ra2 b5 40. Ra7 Re7 41. Rxe7 (41. Ra3 {keeps more tension.} Nd3 42. Kg3 bxc4 43. Bxc4 Nb4 44. Rd1) 41... Kxe7 42. cxb5 Rxb5 $11 {[%mdl 4096] Endgame KRB-KRN} 43. Bc4 Rb7 44. b4 Ne6 45. Kg3 g5 46. Bxe6 fxe6 {KR-KR} 47. f4 Rb5 48. fxg5 hxg5 49. h4 gxh4+ 50. Kxh4 Kf6 51. Rb2 Kg6 52. Rd2 d5 53. Re2 Rb6 54. b5 $1 Kf7 55. Rf2+ Kg7 56. Re2 Kg6 57. Re1 Rd6 58. Rb1 Rb6 59. Re1 d4 60. Rb1 e5 61. g5 d3 {Strongly threatening ...Kf5.} 62. Kg4 d2 {...Rxb5! is the strong threat.} 63. Rd1 Rxb5 64. Rxd2 Rb4+ 65. Kf3 Kxg5 66. Ra2 Kf5 67. Ra3 Rh4 68. Ra8 (68. Ke2 {with more complications.} Rh2+ 69. Ke1 e4 70. Kf1 Kf4 71. Rb3) 68... Rh3+ 69. Kg2 $1 Rb3 70. Ra4 $1 e4 71. Ra8 Kf4 72. Rf8+ Ke3 {With the idea ...Rb2+.} 73. Rf2 $1 Rd3 {( -> ...Rd2)} 74. Kg3 $2 {[%mdl 8192]} (74. Rf7 $11) 74... Rd8 {Black mates.} 75. Ra2 Rg8+ 76. Kh2 Kf3 77. Ra7 e3 {[%cal Be4e3,Be3e2,Be2f1][%mdl 32]} 78. Rf7+ Ke2 79. Re7 Kf2 80. Rf7+ Ke1 81. Rf3 e2 82. Rf1+ exf1=N+ {Accuracy: White = 57%, Black = 63%.} 0-1

[Event "28th WSCC Women 50 2018"]
[Site "Bled"]
[Date "2018.11.23"]
[Round "6"]
[White "Lauterbach, Ingrid"]
[Black "Aseeva, Marina"]
[Result "1-0"]
[WhiteElo "2027"]
[BlackElo "2173"]
[Annotator "TA"]
[PlyCount "107"]
[EventDate "2018.11.17"]
[EventType "swiss"]
[EventCountry "SLO"]
[SourceTitle "playchess.com"]
[Source "ChessBase"]
[SourceQuality "1"]

{[%evp 17,107,28,0,-8,0,-21,-22,-48,-27,-25,-10,-24,-17,-25,-10,-43,-32,-29,-29,-85,-104,-91,-90,-81,-48,-50,14,8,54,60,82,75,112,81,149,126,159,131,152,135,133,91,106,101,91,87,110,104,117,90,104,83,100,96,130,135,134,111,183,178,209,102,151,133,173,118,115,122,159,108,159,158,316,311,320,310,310,283,283,268,343,275,333,323,547,551,537,535,495,483,710,758]} 1. e4 e5 2. Nc3 Nf6 3. g3 Bc5 4. Bg2 O-O 5. Nge2 c6 6. O-O d5 {C26: Vienna Game: 2...Nf6, sidelines} 7. exd5 cxd5 8. d4 exd4 9. Nxd4 Bg4 {LiveBook: 10 Games} 10. Nf3 (10. Nde2 Qc8 11. Bg5 d4 12. Na4 Be7 13. Qd3 {0-1 (55) Adhiban,B (2655)-Kramnik,V (2787) Wijk aan Zee 2018}) 10... h6 11. Ne2 $146 ({Predecessor:} 11. h3 Bf5 12. Nd4 Bxd4 13. Qxd4 {½-½ (39) Koehn,L (2087)-Folkova,M (1999) Pardubice 2018}) 11... Nc6 12. h3 Bf5 (12... Bxf3 $5 13. Bxf3 Ne5 $15) 13. Ned4 Be4 14. c3 Re8 15. Be3 {aiming for Nxc6.} Bd6 16. Nh4 Ne5 17. Ndf5 Bf8 18. f3 {[#]} (18. Bxe4 $11 dxe4 19. Bd4) 18... Bxf5 $1 $17 19. Nxf5 Nc4 20. Bd4 g6 21. b3 Nb6 (21... gxf5 $15 22. bxc4 dxc4) 22. Ne3 $11 Nh5 23. Kh2 Qc7 24. f4 Rad8 25. Qf3 Bc5 (25... Bg7 $142) 26. Be5 Qe7 27. Nf5 Qe6 28. Nxh6+ Kh7 29. Ng4 {[%cal Bh6g4,Bg4f2,Bf2d3][%mdl 32]} f5 {[#]} 30. Nf2 $1 Nf6 31. Nd3 Bd6 32. Bd4 $36 {[%mdl 2048] White is on the roll.} Ne4 33. Rfe1 Nd7 34. Rac1 (34. Bxa7 b6 $17) 34... b6 35. c4 dxc4 36. Rxc4 Ndc5 37. Nxc5 bxc5 (37... Bxc5 $16 {was worth a try.} 38. Bxc5 bxc5) 38. Bb2 Qf7 39. Rc2 (39. Qe3 $18 {and White stays clearly on top.}) 39... Bf8 40. Qe3 Qd7 41. Bxe4 (41. Qc1 $18) 41... Rxe4 $16 42. Qf2 Qd3 {Strongly threatening ...Rxe1.} 43. Ree2 (43. Rxe4 $142 fxe4 44. Bc1) 43... Rde8 (43... Rxe2 $142 44. Qxe2 (44. Rxe2 Bg7 $16) 44... Qxe2+ 45. Rxe2 Kg8) 44. Be5 c4 $2 (44... Rxe2 $16 45. Rxe2 (45. Qxe2 Qxe2+ 46. Rxe2 Kg8 $16) 45... Rd8) 45. Red2 $18 ({Weaker is} 45. Qxa7+ Re7 $16) 45... Qe3 46. Qxe3 ({Much less strong is} 46. bxc4 Qxf2+ 47. Rxf2 Rc8 $18) 46... Rxe3 47. Rxc4 Re7 48. Rdc2 Kg8 49. Kg2 Rd7 50. Rd4 Re7 $2 (50... Rd3) 51. Kf2 {White is clearly winning.} Re4 52. Rxe4 fxe4 53. Ke3 Bg7 (53... Rb7 $142 54. Rc6 Kh7) 54. Rc7 {Precision: White = 50%, Black = 34%.} 1-0